000 00919nas1a22002651i 4500
001 RU\NLR\Per\1154764
005 20260408210434.0
035 _a(NLR Aleph) 010839896
090 _a10322002
_c10322002
100 _a20150910a20119999|||y0rusy50 ba
101 0 _arus
102 _aRU
110 _aah|||||||||
200 1 _aSt.Peter line guide
210 _aСанкт-Петербург
_c[б. и.]
_d2015 -
606 _aТуризм
_yСтраны Балтийского региона
_jПериодические издания
_3RU\NLR\AUTH\6601579872
_92249077
686 1 _aЧ514(411)я52
711 0 2 _7ca
_aSt. Peter Line, компания
_bba
_cСанкт-Петербург
_9488299
_3RU\NLR\AUTH\880411374
852 _aNLR
_jП11/6068
942 _cJOURNAL
980 _aRUSPER